| 000 | 00345nam a22001457a 4500 | ||
|---|---|---|---|
| 020 | _a81-8423-057-5 | ||
| 082 |
_a894.812 _bCHA/J |
||
| 100 | _aCHANDRASEKHARAN, M.R | ||
| 245 |
_aMUNDASSERY, JOSEPH _bVIMARSHANATHINTE PRATHAPAKALAM |
||
| 260 |
_aTHRISSUR _bGREEN BOOKS _c2007 |
||
| 300 | _a104 | ||
| 520 | _aNOVEL | ||
| 650 | _aNOVEL | ||
| 942 | _cBK | ||
| 999 |
_c5498 _d5498 |
||